Yesterday today and tomorrow . The farmer takes a hand
Gorde:
| Egile nagusia: | |
|---|---|
| Formatua: | Liburua |
| Hizkuntza: | English |
| Argitaratua: |
United States : McArdle Book Division
1952
|
| Gaiak: | |
| Etiketak: |
Etiketa erantsi
Etiketarik gabe, Izan zaitez lehena erregistro honi etiketa jartzen!
|
MARC
| LEADER | 00000nam a2200000Ia 4500 | ||
|---|---|---|---|
| 003 | 002046 | ||
| 005 | 20221231143951.0 | ||
| 008 | 140114s9999 us a 000 ||eng d | ||
| 040 | |c cru CEDI | ||
| 082 | |a 621.312 Ch537y | ||
| 100 | |a Childs, Marquis W. 1903-1990 |9 21174 | ||
| 245 | |a Yesterday today and tomorrow . The farmer takes a hand | ||
| 260 | |a United States : McArdle Book Division |c 1952 | ||
| 500 | |a Incluye la edición completa de 1952 The farmer takes and hand ; un nuevo prólogo combinando las ediciones y actualizando la original por Yesterday today and tomorrow | ||
| 651 | |x ELECTRIFICACION RURAL |9 21175 | ||
| 942 | |2 ddc |c BK | ||
| 999 | |c 14929 |d 14929 | ||
